Boletín de dialectología española /
Publicado:
Sant Cugat del Vallès :
Instituto Internacional de Cultura Románica de la Exma. Diputación Provincial de Barcelona ,
1941
Descripción Física:
8 vols. enquadernats ; 25 cm. : periodicitat: anual amb irregularitats
Otros Autores:
Griera, A. (Antoni), 1887-1973
MARC
| LEADER | 00000nas a2200000 a 4500 | ||
|---|---|---|---|
| 001 | 6263, 6264, 6265, 6266, 6267, 6268, 6269, 6270, 6271, 6272, 6273, 6274, 6275, 6276, 6277, 6278, 6279, 6280, 6281, 6282 | ||
| 003 | AGDB | ||
| 005 | 20260324181046.0 | ||
| 008 | 160829s9999 xx 000 0 cat d | ||
| 022 | |a 1138-6592 | ||
| 040 | |a agdb |b cat | ||
| 080 | |a Revistes | ||
| 245 | |a Boletín de dialectología española / |c director: A. Griera | ||
| 247 | |a Butlletí de dialectologia catalana | ||
| 260 | |a Sant Cugat del Vallès : |b Instituto Internacional de Cultura Románica de la Exma. Diputación Provincial de Barcelona ; |c [1941 - 1972] | ||
| 300 | |a 8 vols. enquadernats ; |c 25 cm. : |b periodicitat: anual amb irregularitats | ||
| 362 | |a 3a època, v. 25 (1941)-v. 51 (1972) | ||
| 590 | |a Descripció basada en: 3a època, tomo 36 (1960). | ||
| 590 | |a Bibliografia. | ||
| 590 | |a Alguns textos en català | ||
| 650 | |a Català |x Dialectologia |x Revistes |9 36901 | ||
| 650 | |a Castellà |x Dialectologia |x Revistes |9 36902 | ||
| 655 | |a Revistes |9 55823 | ||
| 700 | 1 | |a Griera, A. |q (Antoni), |d 1887-1973 |e director editorial |9 36434 | |
| 710 | 1 | |a Barcelona (Catalunya : Província). |b Diputació |9 52408 | |
| 710 | 2 | |a Instituto Internacional de Cultura Románica |9 54313 | |
| 780 | 0 | 0 | |t Butlletí de dialectologia catalana |
| 866 | |a Núm. 29 (1948-1949) - Núm. 51 (1972) | ||
| 901 | |a Arxiu | ||
| 942 | |n 1 |2 udc |c REV | ||
| 952 | |0 0 |1 0 |2 udc |4 0 |6 REV119 |7 1 |9 47560 |a Arxiu |b Arxiu |d 2016-12-01 |h Núm. 29 (1948-1949) - Núm. 32 (1953) |o Rev-119 |p 6263 |r 2016-12-01 00:00:00 |w 2016-12-01 |y ARXIU |z Altres núm. registre: 6264, 6265, 6268 | ||
| 952 | |0 0 |1 0 |2 udc |4 0 |6 REV120 |7 1 |9 62759 |a Arxiu |b Arxiu |d 2022-07-12 |h Núm. 33 (1954-1955) |l 0 |o Rev-120 |p 6266 |r 2022-07-12 00:00:00 |w 2022-07-12 |y ARXIU | ||
| 952 | |0 0 |1 0 |2 udc |4 0 |6 REV121 |7 1 |9 62760 |a Arxiu |b Arxiu |d 2022-07-12 |h Núm. 34 (1956-1957) |l 0 |o Rev-121 |p 6267 |r 2022-07-12 00:00:00 |w 2022-07-12 |y ARXIU | ||
| 952 | |0 0 |1 0 |2 udc |4 0 |6 REV122 |7 1 |9 62761 |a Arxiu |b Arxiu |d 2022-07-12 |h Núm. 35 (1959) - Núm. 38 (1962) |l 0 |o Rev-122 |p 6269 |r 2022-07-12 00:00:00 |w 2022-07-12 |y ARXIU |z Altres núm. registre: 6270, 6271, 6272 | ||
| 952 | |0 0 |1 0 |2 udc |4 0 |6 REV123 |7 1 |9 62762 |a Arxiu |b Arxiu |d 2022-07-12 |h Núm. 39 (1963) - Núm. 41 (1965) |l 0 |o Rev-123 |p 6273 |r 2022-07-12 00:00:00 |w 2022-07-12 |y ARXIU |z Altres núm. registre: 6274, 6275 | ||
| 952 | |0 0 |1 0 |2 udc |4 0 |6 REV124 |7 1 |9 62763 |a Arxiu |b Arxiu |d 2022-07-12 |h Núm. 42 (1966) - Núm. 43-44 (1966) |l 0 |o Rev-124 |p 6276 |r 2022-07-12 00:00:00 |w 2022-07-12 |y ARXIU |z Altres núm. registre: 6277 | ||
| 952 | |0 0 |1 0 |2 udc |4 0 |6 REV125 |7 1 |9 62764 |a Arxiu |b Arxiu |d 2022-07-12 |h Núm. 45 (1967) - Núm. 48-49 (1968) |l 0 |o Rev-125 |p 6278 |r 2022-07-12 00:00:00 |w 2022-07-12 |y ARXIU |z Altres núm. registre: 6279, 6280 | ||
| 952 | |0 0 |1 0 |2 udc |4 0 |6 REV126 |7 1 |9 62765 |a Arxiu |b Arxiu |d 2022-07-12 |h Núm. 50 (1970) - Núm. 51 (1972) |l 0 |o Rev-126 |p 6281 |r 2022-07-12 00:00:00 |w 2022-07-12 |y ARXIU |z Altres núm. registre: 6282 | ||
| 999 | |c 51359 |d 51359 | ||